000 00406pam a2200169 a 4500
020 _a007052971X
040 _cDLC
082 0 0 _a301 MCG 1992 A010 Or.
100 1 _aRitzer, George.
245 1 0 _aSociological theory /
250 _a3rd ed.
260 _aNew York :
_bMcGraw-Hill,
_cc1992.
300 _axxiii, 759 p. :
_bill. ;
_c25 cm.
650 0 _aSociology.
650 0 _aSociologists
942 _cEK
999 _c13697
_d13697